|
|
|
|
| LEADER |
01871nam a2200349 i 4500 |
| 001 |
40856 |
| 003 |
BD-DhAAL |
| 005 |
20230212102446.0 |
| 008 |
130816s2012 njua 001 0 eng |
| 010 |
|
|
|a 2013431731
|
| 020 |
|
|
|a 9780470647707 (hardbound : acidfree paper)
|
| 020 |
|
|
|a 0470647701 (hardbound : acidfree paper)
|
| 040 |
|
|
|a DLC
|b eng
|c DLC
|e rda
|d BD-DhAAL
|
| 042 |
|
|
|a pcc
|
| 082 |
|
|
|a 515
|2 23
|
| 100 |
1 |
|
|a Anton, Howard.
|
| 245 |
1 |
0 |
|a Calculus single variable /
|c Howard Anton, Irl Bivens, Stephen Davis.
|
| 250 |
|
|
|a Tenth edition.
|
| 260 |
|
|
|a Hoboken, NJ :
|b John Wiley & Sons, Inc.,
|c 2012
|
| 300 |
|
|
|a xviii, 766, (A82, I-12) pages :
|b illustrations ;
|c 27 cm.
|
| 500 |
|
|
|a Includes index.
|
| 505 |
0 |
|
|a Before calculus -- Limits and continuity -- The derivative -- The derivative in graphing and applications -- Integration -- Applications of the definite integral in geometry, science, and engineering -- Exponential, logarithmic, and inverse trigonometric functions -- Principles of integral evaluation -- Mathematical modeling with differential equations -- Infinite series -- Parametric and polar curves, conic sections.
|
| 526 |
|
|
|a CSE
|
| 541 |
|
|
|a Development Book Agency
|e 40856, 40857
|
| 650 |
|
0 |
|a Calculus
|v Textbooks.
|9 53586
|
| 700 |
1 |
|
|a Bivens, Irl.
|
| 700 |
1 |
|
|a Davis, Stephen,
|d 1952-
|
| 852 |
|
|
|a Ayesha Abed Library
|c General Stacks
|
| 942 |
|
|
|2 ddc
|c BK
|
| 999 |
|
|
|c 45023
|d 45023
|
| 952 |
|
|
|0 0
|1 0
|2 ddc
|4 0
|6 515_000000000000000_ANT
|7 0
|9 73014
|a BRACUL
|b BRACUL
|c GEN
|d 2023-01-16
|e Development Book Agency
|g 3450.00
|l 21
|m 95
|o 515 ANT
|p 3010040856
|q 2026-06-02
|r 2025-06-28
|s 2025-06-28
|t 2
|v 3450.00
|w 2023-01-16
|y BK
|
| 952 |
|
|
|0 0
|1 0
|2 ddc
|4 0
|6 515_000000000000000_ANT
|7 0
|9 73015
|a BRACUL
|b BRACUL
|c GEN
|d 2023-01-16
|e Development Book Agency
|g 3450.00
|l 27
|m 79
|o 515 ANT
|p 3010040857
|q 2026-06-02
|r 2026-05-04
|s 2026-05-04
|t 1
|v 3450.00
|w 2023-01-16
|y BK
|